तमिल का प्राचीन साहित्य / (Record no. 118538)

MARC details
000 -LEADER
fixed length control field 01196nam a22002537a 4500
005 - DATE AND TIME OF LATEST TRANSACTION
control field 20170124103115.0
010 ## - LIBRARY OF CONGRESS CONTROL NUMBER
LC control number A-463548
020 ## - INTERNATIONAL STANDARD BOOK NUMBER
Terms of availability 100.00
International Standard Book Number 8185073007
035 ## - SYSTEM CONTROL NUMBER
System control number A-463548
037 ## - SOURCE OF ACQUISITION
Source of stock number/acquisition Cen Lib/Ret
040 ## - CATALOGING SOURCE
Original cataloging agency DPL
Language of cataloging HN
082 ## - DEWEY DECIMAL CLASSIFICATION NUMBER
Classification number 820.8
Item number सेठर
100 ## - MAIN ENTRY--PERSONAL NAME
Personal name सेठ, रविन्द्र कुमार
9 (RLIN) 47235
245 ## - TITLE STATEMENT
Title तमिल का प्राचीन साहित्य /
Statement of responsibility, etc रविन्द्र कुमार सेठ
246 ## - VARYING FORM OF TITLE
Title proper/short title Tamil ka prachin sahitya
Remainder of title by Ravindra Kumar Seth
260 ## - PUBLICATION, DISTRIBUTION, ETC. (IMPRINT)
Place of publication, distribution, etc नई दिल्ली
Name of publisher, distributor, etc साहित्य शोध संस्थान
Date of publication, distribution, etc 1989
270 ## - ADDRESS
Address 8ए -पश्चिमी विस्तार क्षेत्र करोलबाग़
City नई दिल्ली
Postal code 110005
300 ## - PHYSICAL DESCRIPTION
Extent 206पृष्ठ.
Dimensions 20सेमी(सजिल्द)
650 ## - SUBJECT ADDED ENTRY--TOPICAL TERM
Topical term or geographic name as entry element हिंदी साहित्य
9 (RLIN) 80755
650 ## - SUBJECT ADDED ENTRY--TOPICAL TERM
Topical term or geographic name as entry element तमिल साहित्य - संघम साहित्य
9 (RLIN) 80756
650 ## - SUBJECT ADDED ENTRY--TOPICAL TERM
Topical term or geographic name as entry element hindi literature
9 (RLIN) 80757
650 ## - SUBJECT ADDED ENTRY--TOPICAL TERM
Topical term or geographic name as entry element Tamil literature - literature unionists
9 (RLIN) 80758
942 ## - ADDED ENTRY ELEMENTS (KOHA)
Source of classification or shelving scheme Dewey Decimal Classification
Koha item type Hindi Books
Classification part 820.8
Call number suffix सेठर
Holdings
Withdrawn status Lost status Damaged status Not for loan Home library Current library Date acquired Source of acquisition Cost, normal purchase price Total Checkouts Full call number Barcode Date last seen Copy number Cost, replacement price Price effective from Koha item type Source of classification or shelving scheme
        Central Library Central Library 11/09/2015 Cen Lib/Ret 100.00   820.8 सेठर A-463548 11/09/2015 1 100.00 11/09/2015 Hindi Books  
        Central Library Central Library 11/09/2015 Cen Lib/Ret 100.00   820.8 सेठर A-563279 11/09/2015 2 100.00 11/09/2015 Hindi Books  
        Central Library Central Library 25/10/2016 Cen Lib/Ret 100.00   820.8 सेठर A-463547 25/10/2016 3 100.00 25/10/2016 Hindi Books Dewey Decimal Classification

© Delhi Public Library
Hit Counter
free hit counter